Vida y obra de Sigmund Freud : los años de madurez, 1901-1919 /

Αποθηκεύτηκε σε:
Λεπτομέρειες βιβλιογραφικής εγγραφής
Κύριος συγγραφέας: Jones, Ernst (autor)
Άλλοι συγγραφείς: Carlisky, Mario (traducción) (traducción)
Μορφή: Βιβλίο
Γλώσσα:Ισπανικά
Έκδοση: Buenos Aires, Argentina : Nova, 1960, c1960
Σειρά:(Biblioteca de Psicoanálisis de la Asociación Psicoanalítica Argentina)
Θέματα:
Ετικέτες: Προσθήκη ετικέτας
Δεν υπάρχουν, Καταχωρήστε ετικέτα πρώτοι!

MARC

LEADER 00000nam^a2200000^a^4500
001 000001506
005 20250521000000.0
009 20260310083108.57
037 |a Acervo ITESO - Biblioteca 
041 |a ESP 
082 |a 150. 1952  |b FRE EST JON V. 2 
100 |a Jones, Ernst  |e (autor) 
240 1 1 |a [Vida y obra de Sigmund Freud] 
245 1 0 |a Vida y obra de Sigmund Freud :  |b los años de madurez, 1901-1919 /  |c E. Jones ; tr. por M. Carlisky. 
264 4 |a Buenos Aires, Argentina :  |b Nova,  |c 1960, c1960 
300 |a 521 p., [11 láminas] 
336 |a texto  |b txt  |2 rdacontenido 
337 |a sin mediación  |b n  |2 rdamedio 
338 |a volumen  |b nc  |2 rdasoporte 
440 1 |a (Biblioteca de Psicoanálisis de la Asociación Psicoanalítica Argentina) 
500 |a Traducción de: Life and Work of Sigmund Freud 
649 |a XX 
650 |a Psicoanalistas Austríacos -  |x Biografías 
650 |a Libido 
650 |a Trabajo -  |x Aspectos Psicológicos 
650 |a Carácter 
650 |a Personalidad 
650 |a Psicoanálisis Freudiano -  |x Historia y Crítica 
650 |a Psicoanálisis -  |x Técnica 
650 |a Psicoanálisis -  |x Teoría 
650 |a Psicología 
650 |a Freud, Sigmund -  |x Tema Principal 
700 |a Carlisky, Mario  |e (traducción) 
910 |a Fondo General 
920 |a Impresos - Libros 
930 |a Colección General 
905 |a 101 
901 |a 0015060100  |b IT1  |c ACC  |i 001506  |u 20250521 
902 |a https://opac.biblio.iteso.mx/vufind/Record/000001506